00613nam a22001937a 45000050016000000100014000160200026000300350013000560370013000690820014000821000018000962450098001142500012002122600041002242700102002653000029003675000020003967000003004162010072205365.0 aENG-97365 c250.00a9788175347823 aEN-80898 bDBAD/PUB a345.54056 aJanak Raj Jai aUniversal's bail law and procedures with tips to avoid police harassment /cby Janak Raj Jai  a4th ed. aDelhibUniversal Law Publihingc2009 aC-FF-1A, Dilkhush industrial Estate, (Opp. Hans Cinema, Azadpur) G.T. Karnal Road,bDelhie110033 axxxvi, 332p.c22cm (pbk) aIncludes index